000 00862nam a2200241 a 4500
001 BRCA_6034
005 20190320205315.0
008 280411s1930----gw-a######---#000-0#ger-#
041 _ager
044 _agw
050 4 _aN5250
_b.F35 1930
100 1 _aFalke, Otto von
_d1862-1942
_915229
245 1 0 _aDie Sammlung C. Castiglioni, Wien
_bGemälde, Skulpturen, Möbel, Keramik, Textilien
_ceingeleitet und beschrieben von Otto von Falke.
260 _aBerlín
_bHermann Ball, Paul Graupe
_c1930
300 _a167 p.
_bil., 106 láminas
_c32 cm.
500 _aEstado físico: Lomo desprendido
500 _aCatálogo de subasta inventariado por Banco de México como libro
500 _aCA1
600 1 4 _aCastiglioni, Camilo
_vColecciones de arte
_xCatálogos
_zViena
_915230
650 1 4 _aArte
_xColecciones privadas
_914568
902 _aGFM
942 _2lcc
_cB
999 _c5722
_d5722